Správa z podujatia: Event pre študentov - „Zaži greyt day s tax & audit v EY!“
Aj tento rok spoločnosť EY (Ernst & Young, s. r. o.), pripravila pre študentov event, na ktorý boli pozvaní aj študenti Podnikovohospodárskej fakulty Ekonomickej univerzity v Bratislave so sídlom v Košiciach. Event sa konal presne po roku, dňa 21. 11. 2024, v priestoroch kancelárie spoločnosti EY na...
Saved in:
| Main Author: | |
|---|---|
| Format: | Book Chapter |
| Language: | Slovak |
| Subjects: | |
| Tags: |
No Tags, Be the first to tag this record!
|
MARC
| LEADER | 00000naa a2200000 4500 | ||
|---|---|---|---|
| 001 | 0306065 | ||
| 005 | 20250120092917.0 | ||
| 041 | 0 | |a slo | |
| 044 | |a SK | ||
| 245 | 1 | 0 | |a Správa z podujatia: Event pre študentov - „Zaži greyt day s tax & audit v EY!“ |c Magdaléna Freňáková |
| 520 | |a Aj tento rok spoločnosť EY (Ernst & Young, s. r. o.), pripravila pre študentov event, na ktorý boli pozvaní aj študenti Podnikovohospodárskej fakulty Ekonomickej univerzity v Bratislave so sídlom v Košiciach. Event sa konal presne po roku, dňa 21. 11. 2024, v priestoroch kancelárie spoločnosti EY na Štúrovej 27 (Business Centre Košice) pod názvom "Zaži GrEYt day s Tax & Audit v EY!". | ||
| 610 | 2 | 0 | |a event marketing |
| 610 | 2 | 0 | |a udalosti sociálne |
| 610 | 2 | 0 | |a študenti |
| 610 | 2 | 0 | |a audit |
| 610 | 2 | 0 | |a dane |
| 610 | 2 | 0 | |a konzultanti |
| 610 | 2 | 0 | |a audítori |
| 610 | 2 | 0 | |a spoločnosti |
| 610 | 2 | 0 | |a poradenstvo |
| 100 | 1 | |a Freňáková, Magdaléna, 1981- | |